Unboxing Bengaluru: The City Of New Beginnings (Record no. 41475)

MARC details
000 -LEADER
fixed length control field 00392nam a2200133Ia 4500
008 - FIXED-LENGTH DATA ELEMENTS--GENERAL INFORMATION
fixed length control field 240719s9999 xx 000 0 und d
041 ## - LANGUAGE CODE
Language code of text/sound track or separate title eng
082 ## - DEWEY DECIMAL CLASSIFICATION NUMBER
Classification number 658.1 GOY
100 ## - MAIN ENTRY--PERSONAL NAME
Personal name Goyal Malini
245 ## - TITLE STATEMENT
Title Unboxing Bengaluru: The City Of New Beginnings
260 ## - PUBLICATION, DISTRIBUTION, ETC.
Place of publication, distribution, etc. Haryana
Name of publisher, distributor, etc. Penguin Random House India
Date of publication, distribution, etc. 2023
300 ## - PHYSICAL DESCRIPTION
Extent 331.; P. 22 cm
520 ## - SUMMARY, ETC.
Summary, etc. Faculty Purchase by Dr. Senthil Kumar S.
Holdings
Withdrawn status Lost status Damaged status Not for loan Home library Current library Shelving location Date acquired Source of acquisition Cost, normal purchase price Full call number Barcode Date last seen Price effective from Koha item type
        IMTN IMTN Rack 20-B 12/13/2023 Amazon 502.00 658.1 GOY 33170 07/19/2024 10/12/2023 Books
Designed & Maintained by: LRC IMT Nagpur Contact: lrc@imtnag.ac.in© 2024. All Rights Reserved.